| 000 | 00508cam a2200193ua 4500 | ||
|---|---|---|---|
| 020 |
_a81-224-0404-9 _cRs 70.00 |
||
| 041 |
_aeng _h |
||
| 082 |
_a621.30222 _bBHA/EL |
||
| 100 | _aBhattacharya, S K . | ||
| 245 |
_aElectrical engineering drawing / _cS K Bhattacharya. _hTextual Documents |
||
| 260 |
_aNew Delhi : _bWiley Eastern Ltd , _c1984. |
||
| 300 | _a205 ; . | ||
| 365 | _aRs 70.00 | ||
| 504 | _a | ||
| 942 | _cBK | ||
| 999 |
_c1475 _d1475 |
||